00380nam a2200109Ia 4500008004100000100002400041245003600065260006900101300001100170650002100181856006800202160712s9999 xx 000 0 und d aVillalon, Mixkaela. cMixkaela VillalonaGitnang-Araw c2012bLikhaan: The Journal of Contemporary Philippine Literature avol. 6 xMAIKLING KUWENTO uhttp://journals.upd.edu.ph/index.php/lik/issue/view/536/showToc